Statistiques concernant Villes d'Asie du Sud-Est sur une carte

Cliquez ici pour prendre le quiz!

Statistiques générales

  • Ce quiz a été pris 5 069 fois
  • Le résultat moyen est 11 sur 28

Réponses sur la Carte

Les réponses sont colorées sur une échelle allant du rouge au vert en fonction du pourcentage des utilisateurs qui les ont devinées à leur premier essai. Vous pouvez retrouver ces pourcentages ci-dessous.
 

Statistiques - réponses

Ville% Correct
Jakarta
92%
Bangkok
90%
Manille
88%
Hanoï
84%
Singapour
82%
Kuala Lumpur
76%
Ho Chi Minh-Ville
70%
Phnom Penh
69%
Vientiane
65%
Denpasar
45%
Naypyidaw
43%
Bandar Seri Begawan
41%
Dili
41%
Yangon
31%
Phuket
29%
Bandung
20%
Chiang Maï
20%
Surabaya
18%
Da Nang
16%
Cebu
15%
Mandalay
15%
Siem Reap
15%
Luang Prabang
12%
Davao
11%
Medan
11%
Makassar
9%
George Town
6%
Zamboanga
6%

Distribution des résultats

Percentile par nombre de réponses

% des personnes avec chaque résultat

Votre développement - résultats

Vous n’avez pas pris ce quiz